Responses for show #1489 - Thursday, February 7, 1991

Leslie Frates game 5.

Contestants

Sean Walsh, a teacher from Loxahatchee Groves, Florida

Richard Marvin, a small job contractor from Westbrook, Connecticut

Leslie Frates, a Spanish teacher from Hayward, California (whose 4-day cash winnings total $38,698)

Jeopardy! Round responses

FAMOUS NAMES
MEDICINE
WORLD LEADERS
SOAP
OPERA
DAYTIME DRAMAS
    $100 4
Richard Daley

Richard
    $100 3
lockjaw

Richard
    $100 2
(Richard: Who is Imelda Marcos?)

Corazon Aquino

LeslieRichard
    $100 24
Colgate

Sean
    $100 18
the prima donna

Sean
    $100 1
[Alex reads "K." as "Kristina".]

a child

Richard
    $200 5
Jack the Ripper

Leslie
    $200 6
malaria

Leslie
    $200 13
Mitterrand

Sean
    $200 25
Ivory

Leslie
    $200 20
Cinderella

Leslie
    $200 29
quicksand

Richard
    $300 8
Earl Warren

Sean
    $300 7
a Pap test

Sean
    $300 14
(Alex: [*], president of Austria.)

(Kurt) Waldheim

Sean
    $300 26
Dial

Leslie
    $300 21
Orpheus in the Underworld

Leslie
    $300 30
Santa Barbara

Sean
    $400 11
Charlie Chaplin

Leslie
    $400 9
aging

Sean
    $400 16
Shamir

Richard
    $400 27
Lux

Richard
    $1,200 22
Verdi

Leslie
    $400 19
The Bold and the Beautiful & The Young and the Restless

Leslie
    $500 12
(Sean: Who is Sears?)

Montgomery Ward

RichardSean
    $500 10
tachycardia

Leslie
    $500 17
El Salvador

Leslie
    $500 28
(Richard: What is Tone?)

Caress

LeslieRichard
    $500 23
(Leslie: Who is Sigfried?)

Lohengrin

Leslie
Triple Stumper
    $500 15
Generations

Sean

Scores at the first commercial break (after clue 14):

Leslie Richard Sean
$1,400 $700 $1,000

Scores at the end of the Jeopardy! Round:

Leslie Richard Sean
$4,500 $1,200 $2,000

Double Jeopardy! Round responses

FICTIONAL CHARACTERS
GEMS & JEWELS
TRANSPORTATION
INSECTS
STATE SEALS
THE BONAPARTE FAMILY
    $200 8
Eliza Doolittle

Richard
    $200 2
a pearl

Leslie
    $200 1
a chariot

Leslie
    $200 16
other queens

Leslie
    $200 19
Alaska

Richard
    $200 24
Germany

Leslie
    $400 9
The Brothers Karamazov

Richard
    $400 3
emeralds

Sean
    $400 4
the space shuttle

Richard
    $400 17
grasshoppers

Leslie
    $400 20
New York

Richard
    $400 30
Corsica

Leslie
    $600 10
Moll Flanders

Leslie
    $600 14
turquoise

Leslie
    $1,600 5
(Richard: What is Genoa?)

Columbus, Ohio

Richard
    $600 18
(Sean: What is pupa?)

larva

RichardSean
    $600 21
Montana

Leslie
    $3,500 29
Louis

Sean
    $800 11
Gulliver

Sean
    $800 15
the brilliant cut

Leslie
    $800 6
the air cushion vehicle

Richard
    $800 25
a thorax

Sean
    $800 22
(Leslie: What is South Carolina?)

Florida

LeslieRichard
    $800 28
[Alex reads "P." as "Pauline".]

Haiti

Sean
    $1000 12
Brett Ashley

Triple Stumper
    $1000 13
alexandrite

Leslie
    $1000 7
the Exxon Valdez

Richard
    $1000 26
fire ants

Sean
    $1000 23
(Leslie: What is Maine?)

Vermont

LeslieRichard
    $1000 27
Spain

Leslie

Scores at the end of the Double Jeopardy! Round:

Leslie Richard Sean
$8,900 $5,400 $8,700

[wagering suggestions for these scores]

Final Jeopardy! Round responses

GEOGRAPHY
RichardWhat is Vancouver?
$5,400
SeanWhat is Vancouver Island
$8,700
LeslieWhat is Hawaii [crossed out]? Vancouver I.
$8,501
Vancouver Island

Final scores:

Leslie Richard Sean
$17,401 $10,800 $17,400
5-day champion: $56,099 3rd place: Artisan House sculpture 2nd place: trip to Honolulu

Game dynamics:

Coryat scores:

Leslie Richard Sean
$8,100 $7,000 $5,800
25 R
(including 1 DD),
3 W
17 R,
3 W
(including 1 DD)
15 R
(including 1 DD),
2 W

Combined Coryat: $20,900

The J! Archive is created by fans, for fans. The Jeopardy! game show and all elements thereof, including but not limited to copyright and trademark thereto, are the property of Jeopardy Productions, Inc. and are protected under law. This website is not affiliated with, sponsored by, or operated by Jeopardy Productions, Inc. Join the discussion at JBoard.tv.